Statistics for Do You Have A Good Verbal Memory?

Click here to take the quiz!

General Stats

  • This quiz has been taken 38,881 times
  • The average score is 82 of 100

Answer Stats

HintAnswer% Correct
HegemonNEW
95%
CaveatedNEW
95%
DevaluatingNEW
94%
DevotednessNEW
93%
WoodsNEW
92%
MiraculouslyNEW
92%
HickNEW
92%
ConcordatNEW
91%
DaydreamedNEW
90%
FuddledNEW
90%
PhiNEW
90%
OccasionalNEW
90%
SmidginsNEW
90%
UnlinkNEW
90%
AileronNEW
89%
AssuagementNEW
89%
ScuttleNEW
89%
PerforatedNEW
88%
KanjiNEW
87%
HornerNEW
87%
AcidicNEW
86%
BugaboosNEW
86%
EcumenismNEW
86%
LimpidnessNEW
86%
JinrikishaNEW
86%
WoodsSEEN
86%
HickSEEN
86%
ProphecyNEW
85%
TravertineNEW
85%
ExpansionaryNEW
85%
WitNEW
85%
GapedNEW
85%
CruelerSEEN
85%
FuddledSEEN
85%
AntechambersNEW
84%
RevellingNEW
84%
ReliquariesNEW
84%
ParaplegicsNEW
84%
RaraNEW
84%
HetaerasNEW
84%
DaydreamedSEEN
84%
DaydreamedSEEN
84%
MagnanimityNEW
83%
InstitutionalizationNEW
83%
BluedNEW
83%
DonneesNEW
83%
ThirdNEW
83%
CruelerNEW
83%
CorsetNEW
83%
DevotednessSEEN
83%
CruelerSEEN
83%
MiraculouslySEEN
83%
ParaplegicsSEEN
83%
PlaybooksNEW
82%
NauseantsNEW
82%
AdoptNEW
82%
WoodsSEEN
82%
CaveatedSEEN
82%
CaveatedSEEN
82%
HickSEEN
82%
StanderNEW
81%
LimpidnessSEEN
81%
CaveatedSEEN
81%
CruelerSEEN
81%
DevotednessSEEN
81%
AnnuliNEW
80%
BootsNEW
80%
HetaerasSEEN
80%
RevellingSEEN
80%
DividerNEW
79%
CablesNEW
79%
MemoryNEW
78%
DevaluatingSEEN
78%
AnthropoidSEEN
78%
AileronSEEN
77%
BugaboosSEEN
77%
JinrikishaSEEN
77%
FuddledSEEN
76%
OccasionalSEEN
76%
AnthropoidNEW
75%
OccasionalSEEN
75%
AlphornNEW
74%
SmidginsSEEN
74%
HetaerasSEEN
73%
HornerSEEN
73%
ProphecySEEN
73%
ParaplegicsSEEN
73%
ExperimenterNEW
72%
DevaluatingSEEN
72%
BluedSEEN
72%
CruelerSEEN
72%
ScuttleSEEN
72%
LimpidnessSEEN
71%
AscendedNEW
70%
AquariaSEEN
70%
ExpansionarySEEN
70%
AquariaNEW
69%
PrevailingNEW
65%
AnnuliSEEN
63%
JinrikishaSEEN
62%

Score Distribution

Percentile by Number Answered

Percent of People with Each Score

Your Score History

You have not taken this quiz